| 000 -ლიდერი |
| ფიქსირებული სიგრძის საკონტროლო ველი |
01321nam a22002297a 4500 |
| 003 - საკონტროლო ნომრის იდენტიფიკატორი |
| საკონტროლო ველი |
Ge_BSU |
| 005 - ბოლო ოპერაციის თარიღი და დრო |
| საკონტროლო ველი |
20200521133852.0 |
| 008 - ფიქსირებული სიგრძის მონაცემთა ელემენტები - ზოგადი ინფორმაცია |
| ფიქსირებული სიგრძის საკონტროლო ველი |
200521s2009 xxu||||| |||| 00| 0 geo d |
| 020 ## - წიგნის საერთაშორისო სტანდარტული ნომერი |
| International Standard Book Number |
9992898364 |
| 041 ## - ენის კოდი |
| Language code of text/sound track or separate title |
geo |
| 080 ## - უნივერსალური ათობითი კლასიფიკაციის ინდექსი |
| Universal Decimal Classification number |
347(37) ნ-15 |
| 100 ## - მთავარი ჩანაწერი - პიროვნების სახელი |
| Personal name |
ნადარეიშვილი, გიორგი |
| 9 (RLIN) |
8144 |
| 245 ## - ცნობა სათაურის შესახებ |
| Title |
რომის სამოქალაქო სამართალი : |
| Remainder of title |
თანდართული ლათინური სამართლებრივი სიტყვა-თქმანი ქართული შესატყვისებითურთ / |
| Statement of responsibility, etc |
გიორგი ნადარეიშვილი ; [რედ. ზაზა ნანობაშვილი]. |
| 250 ## - გამოცემის ცნობა |
| Edition statement |
მე-3 გადამუშავებული გამოცემა |
| 264 ## - წარმოების, გამოცემის, დისტრიბუციის და სხვა ცნობები |
| გამოცემის, წარმოების, დისტრიბუციის... ადგილი |
თბილისი : |
| გამოცემის, წარმოების, დისტრიბუციის... სახელწოდება |
ბონა კაუზა, |
| გამოცემის, წარმოების, დისტრიბუციის... თარიღი |
2009. |
| 300 ## - ფიზიკური აღწერა |
| Extent |
170გვ. ; |
| Dimensions |
20 სმ. |
| 504 ## - BIBLIOGRAPHY, ETC. NOTE |
| Bibliography, etc |
ბიბლიოგრ. ტექსტ. შენიშვნ. და გვ. 168-169 |
| 653 ## - INDEX TERM--UNCONTROLLED |
| Uncontrolled term |
რომის სამოქალაქო სამართალი |
| 653 ## - INDEX TERM--UNCONTROLLED |
| Uncontrolled term |
სამართალი |
| 700 ## - ADDED ENTRY--PERSONAL NAME |
| Personal name |
ნანობაშვილი, ზაზა |
| Relator term |
რედაქტორი |
| 9 (RLIN) |
8145 |
| 942 ## - ADDED ENTRY ELEMENTS (KOHA) |
| Source of classification or shelving scheme |
|
| Koha item type |
წიგნი |